| 000 | 00612nam a22001937a 4500 | ||
|---|---|---|---|
| 003 | OSt | ||
| 005 | 20251127100110.0 | ||
| 008 | 251127b |||||||| |||| 00| 0 eng d | ||
| 020 | _a971-93050-1-2. | ||
| 040 |
_aDWCL-Main lib _cOC |
||
| 082 |
_22000 ed. _aFil. 657.4 B813 2000 |
||
| 100 | _aBraganza, Armi-Corazon A. | ||
| 245 |
_aAccounting for non-government organizations government accounting & auditing./ _cBraganza, Armi-Corazon A. |
||
| 260 |
_a[S. l. : _bs. n.], _cc2000. |
||
| 300 |
_a399 p. ; _c25 cm. |
||
| 650 | _a1. Accounting. | ||
| 650 | _a2. Auditing. | ||
| 942 |
_2ddc _cBK - FIL _e2000 ed. _kFil. _n0 |
||
| 999 |
_c6428 _d6428 |
||